| 000 | 01084nam a2200313 a 4500 | ||
|---|---|---|---|
| 001 | vtls001618007 | ||
| 003 | NLI | ||
| 005 | 20210628134020.0 | ||
| 008 | 121214s1976 ii a 000 0 hin | ||
| 020 | _cRs. 2.00 | ||
| 039 | 9 |
_y201212141927 _zVLOAD |
|
| 040 |
_aNLI _bhineng _cDatasoft_Hindi _eAACR2 |
||
| 041 | 0 | _ahin | |
| 044 | _a ii | ||
| 084 | 0 | 4 | _a181 |
| 100 | 1 |
_6880-01 _aशर्मा, झाबरमल |
|
| 245 | 1 | 0 |
_6880-02 _aभारतीय गोधन / _cझाबरमल शर्मा |
| 260 |
_aकलकत्ता : _bराजस्थान एजेन्सी, _c1976 |
||
| 300 |
_a306 p. : _bill. ; _c18 cm. |
||
| 650 | 0 |
_aAgriculture _9676924 |
|
| 880 | 1 | 0 |
_6245-02(B _aBhāratīya godhana / _cJhābaramala Śarmā |
| 880 | 1 |
_6100-01(B _aŚarmā, Jhābaramala |
|
| 887 | _a Rajani 15.03.2012 (Sandeep Singh 19.03.2012) | ||
| 901 |
_aIMP879 _b15.03.2012 |
||
| 902 | _a181 Hc 913 b | ||
| 904 |
_cRajani 15.03.2012 (Sandeep Singh 19.03.2012) _l2812 |
||
| 949 |
_AVIRTUAITEM _D10000 _X100 _6IMP000000879HIN |
||
| 942 |
_2ddc _cBKS |
||
| 999 |
_aVIRTUA40 _c1069861 _d1069861 |
||